Get the Picture: Avengers: Infinity War Quotes Quiz Stats

 Plays Quiz Updated May 31, 2020

Support Sporcle.
Go Orange.
Score 0/12 Timer 03:00
3 Plays Today
Question Answer Wrong Answers
That means get lost, Squidward! Tony
87.5%
Gamora
4.3%
Strange
3.2%
Thanos
1.4%
I'm sorry, earth is closed today. You better pack it up and get outta here. Tony
86.8%
Gamora
2.6%
Strange
5.7%
Thanos
1.4%
You should have gone for the head. Thanos
82.3%
Gamora
3.8%
Strange
2.9%
Tony
7.2%
You throw another moon at me and I'm gonna lose it! Tony
80%
Gamora
6%
Strange
5.4%
Thanos
4.8%
All my life I dreamed of a day, a moment, when you got what you deserved. And I was always so disappointed. Gamora
76.7%
Strange
2.5%
Thanos
13%
Tony
4.1%
We're in the endgame now. Strange
74.3%
Gamora
2.1%
Thanos
4.1%
Tony
15.8%
The hardest choices require the strongest wills. Thanos
69.6%
Gamora
4.3%
Strange
17.8%
Tony
4.6%
I ignored my destiny once, I cannot do that again. Thanos
69.5%
Gamora
8.2%
Strange
12.8%
Tony
5.8%
I think you'll find our will equal to yours. Strange
68.3%
Gamora
5.6%
Thanos
6%
Tony
16.4%
It's like his muscles are made of Cotati metal fibers. Gamora
65.5%
Strange
8.4%
Thanos
2.3%
Tony
20.1%
I always hated that chair. Gamora
59.4%
Strange
12.1%
Thanos
7.1%
Tony
18.1%
Congratulations. You're a prophet. Strange
47.1%
Gamora
6.9%
Thanos
5.9%
Tony
36.3%

Today's Daily Dose

You're not logged in!

Compare scores with friends on all Sporcle quizzes.
OR
Log In

From the Vault

Closest Countries to United States (A-Z)

by gazzso

Poor W and X. They're always left out of these kinds of quizzes.
Remove Ads.
Support Sporcle.
Get the best of Sporcle when you Go Orange. This ad-free experience offers more features, more stats, and more fun while also helping to support Sporcle. Thank you for becoming a member.

Show Comments

Extras

Top Quizzes Today


Score Distribution

Your Account Isn't Verified!

In order to create a playlist on Sporcle, you need to verify the email address you used during registration. Go to your Sporcle Settings to finish the process.

Report this User

Report this user for behavior that violates our Community Guidelines.

Details: